000 00877nam a2200265Ia 4500
003 OSt
005 20221005110154.0
006 a|||||r|||| 00| 0
007 ta
008 221004b |||||||| |||| 00| 0 hin d
020 _a9788126030835 (pbk)
_cIndian Rupees 100.00
024 _a27974
037 _bGift, 24/10/2016,
_cTextual
040 _aCRL
_cCRL
_bhin
041 _2hin
_ahin
082 _aO152,6N12:g, Q1
100 _aशंभुनाथ
245 0 _aरामविलास शर्मा
246 _aRāmavilās sharmā
260 _aनई दिल्ली
_bसाहित्य अकादेमी भारत
_c2011
300 _a164पृ0
_ccm.
650 _aहिन्दी साहित्य
942 _hO152,6N12:g, Q1
_cTEXL
_2cc
999 _c1018024
_d1018024